The geography of travel and tourism /

Spremljeno u:
Bibliografski detalji
Glavni autor: Boniface, Brian G.
Format: Knjiga
Jezik:English
Izdano: Oxford : Butterwoth Heinemann, 1994.
Izdanje:2nd ed.
Teme:
Oznake: Dodaj oznaku
Bez oznaka, Budi prvi tko označuje ovaj zapis!
Thư viện lưu trữ: Mạng thư viện Đại học Đà Nẵng
LEADER 00812cam a2200325 i 4500
001 000045228
003 4398
005 20030226095710.0
008 010220|1994 vm 000 eng
020 |a 0750616709 (pbk.) 
040 |a IRC  |c IRC  |d IRC 
041 0 |a eng 
082 1 4 |a 338.4791  |b BO-B 
100 1 |a Boniface, Brian G. 
245 0 4 |a The geography of travel and tourism /  |c Brian G. Boniface. 
250 |a 2nd ed. 
260 |a Oxford :  |b Butterwoth Heinemann,  |c 1994. 
300 |a xii, 270p. :  |b ill., maps. 
630 0 4 |a Tourism. 
650 0 4 |a Tourism. 
OWN |a DUT 
999 |a From the UDN01 
TYP |a Monograph 
TYP |a Printed language 
980 |a Mạng thư viện Đại học Đà Nẵng